Statistics for twenty one pilots - message man lyrics (fill in the blanks)

Click here to take the quiz!

General Stats

  • This quiz has been taken 64 times
    (63 since last reset)
  • The average score is 43 of 62

Answer Stats

LyricsBlank% Correct
With the _____ manmessage
93%
You don't _____ what I've doneknow
91%
You don't _____ my brainknow
91%
With the _____ _____message man
91%
When you're _____messing
91%
When you're _____messing
91%
To live in the _____future
89%
To live in the _____future
89%
A _____ of my disguisemask
89%
You don't know what I've _____done
87%
These _____ aren't for everyonelyrics
87%
And who I am _____today
87%
Why I'm in _____denial
83%
Please use _____discretion
83%
Only _____ understandfew
83%
You don't know my _____heart
83%
So I'm taking this _____moment
83%
That they tried the _____ sessionsuicidal
83%
So I'm _____ this momenttaking
83%
The way you know my _____name
80%
_____ me from the presentrelease
80%
I'm _____ and on the _____wanted run
80%
I'm _____ and on the _____wanted run
80%
The way you know my _____face
78%
A _____ hinds behindloser
78%
Is _____ than other timesworse
78%
'cause how could you sleep at a _____ like this?time
76%
So your _____ knowsbrain
72%
'cause how could you _____ at a time like this?sleep
72%
I'm _____ all these questionsobsessing
70%
My people _____singin
70%
My people _____singin
70%
I'm the kind of _____ whoguy
67%
I hope you're _____dead
65%
You're _____dead
65%
They _____ it, flip itrip
65%
Wrote this in _____ minutesthree
65%
But you comment _____below
63%
It's just _____ dividedpoetry
63%
Release me from the _____present
63%
Life is _____ hereup
63%
And the _____ will always become common motivationcomments
59%
To promote your show's next _____episode
59%
To _____ goingkeep
59%
Three words to a _____line
59%
That they tried the suicidal _____session
59%
But you and I know it gets _____better
57%
Is when _____ is deadnight
57%
I'm obsessing all these _____questions
57%
_____ the futureremember
57%
_____ the morningremember
57%
People, they _____ like this, we're all impressed by thisrhyme
57%
But these are just _____triplets
54%
eh eh eh my _____ singin'people
52%
eh eh eh my _____ singin'people
52%
_____ use discretionplease
50%
_____ I'm in denialwhy
50%
In _____ to use it for others to use itmusic
48%
When _____ finally rears its headmorning
46%
Together we're _____losers
41%
Even though _____ is far from this momenthope
39%
Takes every moment he knows he _____confided
33%

Score Distribution

Percentile by Number Answered

Percent of People with Each Score

Your Score History

You have not taken this quiz since the last reset